Koncepciós perek Csehszlovákiában 1948 és 1954 között

Elmentve itt :
Bibliográfiai részletek
További közreműködők: Bessenyei Vanda
Dokumentumtípus: Könyv része
Megjelent: 2019
Sorozat:Documenta Historica
Források a Slánsky-per és mellékpereinek történetéhez
Kulcsszavak:Rudolf Slánsky, Politikai per - Csehszlovákia - 1948-1954, Politikai terror - Csehszlovákia, Csehszlovákia története - 1948-1950-es évek
Tárgyszavak:
Online Access:http://acta.bibl.u-szeged.hu/68236
LEADER 00879naa a2200217 i 4500
001 acta68236
005 20211213120122.0
008 200506s2019 hu o 0|| hun d
022 |a 1216-0954 
040 |a SZTE Egyetemi Kiadványok Repozitórium  |b hun 
041 |a hun 
245 0 0 |a Koncepciós perek Csehszlovákiában 1948 és 1954 között  |h [elektronikus dokumentum] 
260 |c 2019 
300 |a 6-14 
490 0 |a Documenta Historica 
490 0 |a Források a Slánsky-per és mellékpereinek történetéhez 
650 4 |a Bölcsészettudományok 
650 4 |a Történettudomány és régészet 
695 |a Rudolf Slánsky, Politikai per - Csehszlovákia - 1948-1954, Politikai terror - Csehszlovákia, Csehszlovákia története - 1948-1950-es évek 
700 0 1 |a Bessenyei Vanda 
856 4 0 |u http://acta.bibl.u-szeged.hu/68236/1/historica_102_006-014.pdf  |z Dokumentum-elérés